| 000 | 00589cam a2200241 4500 | ||
|---|---|---|---|
| 001 | J3493 | ||
| 008 | 090401t1996 xxu||||| |||| 00| 0 eng d | ||
| 035 | _a(Sirsi) u55361 | ||
| 041 | _aeng | ||
| 050 | _a333.3370942132 | ||
| 110 | _aSt Quintin | ||
| 245 | _aWest End market briefing. - Winter 1995/6 - Autumn 1996 | ||
| 260 |
_aLondon _bSt Quintin _c1996 |
||
| 300 | _a4 pt. ; 30cm. | ||
| 350 | _a0 | ||
| 650 | _aLONDON | ||
| 650 | _aOFFICES | ||
| 650 | _aRENT | ||
| 650 | _aWEST END OF LONDON | ||
| 690 | _aPROPERTY-COMMERCIAL PROPERTY | ||
| 942 | _n0 | ||
| 948 | _c04/03/1997 | ||
| 999 |
_c93599 _d93599 |
||